LIBRARY & INFORMATION CENTRE, KCAET, TAVANUR

ONLINE PUBLIC ACCESS CATALOGUE (OPAC)

Neural Networks / (Record no. 12371)

MARC details
000 -LEADER
fixed length control field 00463cam a2200181ua 4500
041 ## - LANGUAGE CODE
Language code of text/sound track or separate title eng
082 ## - DEWEY DECIMAL CLASSIFICATION NUMBER
Classification number 611.8
Item number FRE/NE
100 ## - MAIN ENTRY--AUTHOR NAME
Personal name James , A Freeman .
245 ## - TITLE STATEMENT
Title Neural Networks /
260 ## - PUBLICATION, DISTRIBUTION, ETC. (IMPRINT)
Place of publication :
Name of publisher Pearson Education Asia ,
Year of publication 2004.
300 ## - PHYSICAL DESCRIPTION
Number of Pages 401 ; .
700 1# - ADDED ENTRY--PERSONAL NAME
Personal name David, M Skapura .
942 ## - ADDED ENTRY ELEMENTS (KOHA)
Koha item type Books
Holdings
Withdrawn status Lost status Damaged status Home library Current library Date acquired Full call number Accession Number Koha item type
      KAUAET KAUAET 07/04/2012 611.8 FRE/NE 20968 Books
free website counter